Programa de información estadística y de seguimiento en materia de trabajo infantil (SIMPOC) (Registro nro. 3898)

Detalles MARC
000 -LEADER
fixed length control field 01121 a2200229 4500
001 - CONTROL NUMBER
control field 45047
005 - DATE AND TIME OF LATEST TRANSACTION
control field 20260407155725.0
008 - FIXED-LENGTH DATA ELEMENTS--GENERAL INFORMATION
fixed length control field 260407a2005 arg spa d
003 - CONTROL NUMBER IDENTIFIER
control field AR-UNSa-BCEJYS
040 ## - CATALOGING SOURCE
Original cataloging agency AR-UNSa-BCEJYS
Language of cataloging spa
Transcribing agency AR-UNSa-BCEJYS
080 ## - UNIVERSAL DECIMAL CLASSIFICATION NUMBER
Universal Decimal Classification number 331-053.2
Common auxiliary subdivision Trabajo Infantil
020 ## - INTERNATIONAL STANDARD BOOK NUMBER
International Standard Book Number 92-2-315861-3
041 ## - LANGUAGE CODE
Language code of text/sound track or separate title spa
100 1# - MAIN ENTRY--PERSONAL NAME
Personal name Organización Internacional del Trabajo (OIT)
245 10 - TITLE STATEMENT
Title Programa de información estadística y de seguimiento en materia de trabajo infantil (SIMPOC)
Name of part/section of a work manual de análisis de datos e informes estadísticos sobre el trabajo infantil
264 #1 - PRODUCTION, PUBLICATION, DISTRIBUTION, MANUFACTURE, AND COPYRIGHT NOTICE
Place of production, publication, distribution, manufacture Ginebra :
Name of producer, publisher, distributor, manufacturer OIT
Date of production, publication, distribution, manufacture, or copyright notice 2005
300 ## - PHYSICAL DESCRIPTION
Extent xi, 172 p.
Dimensions 30 cm.
505 ## - FORMATTED CONTENTS NOTE
Formatted contents note 1. Actividades preliminares – 2. Anteproyecto del informe – 3. Redactar el informe nacional de una encuesta de trabajo infantil de seguimiento – 4 . Informes de otros tipos de encuestas del trabajo infantil – 5. Preparación, análisis y presentación de los datos .
590 ## - LOCAL NOTE (RLIN)
Local note niveau_biblio:m niveau_hierar:0
856 41 - ELECTRONIC LOCATION AND ACCESS
Uniform Resource Identifier <a href="https://www.biblioeco.unsa.edu.ar/pmb/images/libros/L127069.jpg">https://www.biblioeco.unsa.edu.ar/pmb/images/libros/L127069.jpg</a>
Link text Imagen de portada
Electronic format type image/jpeg
942 ## - ADDED ENTRY ELEMENTS (KOHA)
Koha item type
Existencias
Withdrawn status Lost status Damaged status Not for loan Home library Current library Shelving location Date acquired Total checkouts Full call number Barcode Date last seen Price effective from Koha item type
        Biblioteca Prof. Eusebio Cleto del Rey Biblioteca Prof. Eusebio Cleto del Rey   07/04/2026   331-053.2 O68p L127069 07/04/2026 07/04/2026 Libro